Normal view
MARC view
- البنوك الاسلامية- الاسلام والاصلاح الاقتصادي
Entry Topical Term
001 - CONTROL NUMBER
- control field: 56590
003 - CONTROL NUMBER IDENTIFIER
- control field: JO-AjAnu
005 - DATE AND TIME OF LATEST TRANSACTION
- control field: 20230606083255.0
008 - FIXED-LENGTH DATA ELEMENTS
- fixed length control field: 230606|| aca||aabn | a|a d
040 ## - CATALOGING SOURCE
- Original cataloging agency: JO-AjAnu
- Transcribing agency: JO-AjAnu
150 ## - HEADING--TOPICAL TERM
- Topical term or geographic name entry element: البنوك الاسلامية- الاسلام والاصلاح الاقتصادي
670 ## - SOURCE DATA FOUND
- Source citation: Work cat.: (JO-AjAnu)28875: شابرا، محمد عمر ؛ ترجمة: سيد محمد سكر ؛ مراجعة رفيق المصري, author 56589, نحو نظام نقدي عادل: دراسة للنقود والمصارف والسياسة النقدية في ضوء الإسلام